02128agaaa2200313 45000010005000000030009000050050017000140070009000310080040000400400023000800410013001031000009001161300038001252400052001632450155002152460045003702500022004152600094004373000033005315080055005645110036006195200954006555380016016095460013016256500058016387000054016967000009017507000055017593901IT-RoPAU20220918181245.0d cvaizq50131s9999||||xx ||| | || ||und|| aIT-RoPAUcIT-RoPAU aITALIANO aN.d. aSANTI E PECCATORI-2-LA NUOVA ROMA aSAINTS AND SINNERS - BETWEEN TWO EMPIRESgT3364 aSANTI E PECCATORI-2-LA NUOVA ROMAcProdotto da: Studio P.V. Diretto da: N.d.pSANTI E PECCATORI-2-LA NUOVA ROMA (Rif. Codice opera principale : H3901) aSAINTS AND SINNERS - BETWEEN TWO EMPIRES aEdizione Standard aMILANO (ITALIA)bMULTIMEDIA SAN PAOLO / g"1999 (1° ed.: 2003 ; Ed. Lingua Orig.: 1997)" aVHSbsonoro, col.c60 minuti a"Fotografia: Robert James; Musica: Pook Jocelyn; " a"Narratore:; Marco; Balzarotti" a"LA PIU' RECENTE E COMPLETA STORIA DELLA CHIESA, RACCONTATA DALLA PARTE DEISUCCESSORI DI PIETRO. UNO STRUMENTO CRITICO PER LEGGERE LA VITA DI UN'ISTITUZIONE CHE, DA VENTI SECOLI, CONDIVIDE CON L'UOMO LE GIOIE E LE SPERANZE, LE TRISTEZZE E LE ANGOSCE. UNO SGUARDO ILLUMINANTE SUL PASSATO PER COMPRENDERE I FERMENTI DI NOVITA' DEL TERZO MILLENNIO. 2 EPISODIO: ""LA NUOVA ROMA"":SPACCATURA ORIENTE-OCCIDENTE; ERESIA MONOFISITA; GIUSTINIANO E TEODORA; GREGORIO MAGNO; IL CRISTIANESIMO OLTRE I CONFINI DELL'IMPERO; IRLANDA E INGHILTERRA; NASCITA ED ESPANSIONE DELL'ISLAM; MONOTELISMO E DISPUTA DELLE ICONE; CONCILIO DI NICEA; FRATTURA TRA IMPERO E PAPATO E CONFISCA DI TUTTE LE PROPRIETA' DELLA CHIESA; PIPINO IL BREVE; NASCITA DELLO STATO PONTIFICIO; CARLO MAGNO E' INCORONATO IMPERATORE DEL SACRO ROMANO IMPERO. CONSULENZA EDIZIONE ITALIANA: D. FRANCO PIERINI; D. ENNIO APECITI; D. UMBERTO DELL'ORTO. FILM A COLORI. DISTRIBUZIONE MULTIMEDIA SAN PAOLO." aPAL, STEREO aITALIANO aDOCUMENTARIOeFILMS [VHS]xCodice MATERIA SPICS: 9960 aAA.VV. e(soggetto)gCodice Soggetto SPICS: 12000 aN.d. aPook Jocelyne(musica)gCodice Musica SPICS: 57469